<?xml version="1.0" encoding="UTF-8"?>
<collection xmlns="http://www.loc.gov/MARC21/slim">
 <record>
  <leader>01660nam a2200397   4500</leader>
  <controlfield tag="001">DLU200194385</controlfield>
  <controlfield tag="005">##20200121</controlfield>
  <datafield tag="020" ind1="#" ind2="#">
   <subfield code="a">9786049561672</subfield>
  </datafield>
  <datafield tag="040" ind1="#" ind2="#">
   <subfield code="a">DLU</subfield>
   <subfield code="b">vie</subfield>
  </datafield>
  <datafield tag="041" ind1="#" ind2="#">
   <subfield code="a">vie</subfield>
  </datafield>
  <datafield tag="044" ind1="#" ind2="#">
   <subfield code="a">vn</subfield>
  </datafield>
  <datafield tag="082" ind1="#" ind2="#">
   <subfield code="a">320.951</subfield>
   <subfield code="b">Cai</subfield>
  </datafield>
  <datafield tag="245" ind1="#" ind2="#">
   <subfield code="a">Cải cách thể chế chính trị ở Trung Quốc hai thập niên đầu thế kỷ XXI /</subfield>
   <subfield code="c">Nguyễn Xuân Cường chủ biên, ... [et al.].</subfield>
  </datafield>
  <datafield tag="260" ind1="#" ind2="#">
   <subfield code="a">H. :</subfield>
   <subfield code="b">Khoa học Xã hội,</subfield>
   <subfield code="c">2018.</subfield>
  </datafield>
  <datafield tag="300" ind1="#" ind2="#">
   <subfield code="a">275 tr. ;</subfield>
   <subfield code="c">21 cm.</subfield>
  </datafield>
  <datafield tag="504" ind1="#" ind2="#">
   <subfield code="a">Tài liệu tham khảo: tr. 269-275.</subfield>
  </datafield>
  <datafield tag="505" ind1="#" ind2="#">
   <subfield code="a">Chương I. Một số vấn đề cơ bản và bối cảnh cải cách thể chế chính trị ở Trung Quốc khi bước sang thế kỷ XXI -- Chương II. Cải cách thể chế chính trị Trung Quốc thập niên đầu thế kỷ XXI -- Chương III. Cải cách thể chế chính trị Trung Quốc từ Đại hội XVIII -- Chương IV. Nhận xét, triển vọng và bài học kinh nghiệm cải cách thể chế chính trị của Trung Quốc.</subfield>
  </datafield>
  <datafield tag="651" ind1="#" ind2="#">
   <subfield code="a">Trung Quốc</subfield>
   <subfield code="x">Điều kiện chính trị</subfield>
   <subfield code="y">Thế kỷ 21.</subfield>
  </datafield>
  <datafield tag="700" ind1="#" ind2="#">
   <subfield code="a">Đặng Thị Thúy Hà,</subfield>
   <subfield code="c">TS.</subfield>
  </datafield>
  <datafield tag="700" ind1="#" ind2="#">
   <subfield code="a">Bùi Thị Thu Hiền,</subfield>
   <subfield code="c">TS.</subfield>
  </datafield>
  <datafield tag="700" ind1="#" ind2="#">
   <subfield code="a">Chu Thùy Liên,</subfield>
   <subfield code="c">ThS.</subfield>
  </datafield>
  <datafield tag="700" ind1="#" ind2="#">
   <subfield code="a">Nguyễn Diệu Hương,</subfield>
   <subfield code="c">ThS.</subfield>
  </datafield>
  <datafield tag="700" ind1="#" ind2="#">
   <subfield code="a">Nguyễn Xuân Cường,</subfield>
   <subfield code="c">TS.</subfield>
   <subfield code="e">chủ biên.</subfield>
  </datafield>
  <datafield tag="700" ind1="#" ind2="#">
   <subfield code="a">Trần Thị Ánh Tuyết,</subfield>
   <subfield code="c">ThS.</subfield>
  </datafield>
  <datafield tag="700" ind1="#" ind2="#">
   <subfield code="a">Trần Thu Minh,</subfield>
   <subfield code="c">ThS.</subfield>
  </datafield>
  <datafield tag="923" ind1="#" ind2="#">
   <subfield code="a">07/2019</subfield>
  </datafield>
  <datafield tag="991" ind1="#" ind2="#">
   <subfield code="a">SH</subfield>
  </datafield>
  <datafield tag="992" ind1="#" ind2="#">
   <subfield code="a">56000</subfield>
  </datafield>
  <datafield tag="994" ind1="#" ind2="#">
   <subfield code="a">DLU</subfield>
  </datafield>
  <datafield tag="900" ind1="#" ind2="#">
   <subfield code="a">True</subfield>
  </datafield>
  <datafield tag="911" ind1="#" ind2="#">
   <subfield code="a">Nguyễn Thanh Hương</subfield>
  </datafield>
  <datafield tag="925" ind1="#" ind2="#">
   <subfield code="a">G</subfield>
  </datafield>
  <datafield tag="926" ind1="#" ind2="#">
   <subfield code="a">A</subfield>
  </datafield>
  <datafield tag="927" ind1="#" ind2="#">
   <subfield code="a">SH</subfield>
  </datafield>
  <datafield tag="980" ind1="#" ind2="#">
   <subfield code="a">Thư viện Trường Đại học Đà Lạt</subfield>
  </datafield>
 </record>
</collection>
